000 00783ntaaa2200241 4500
003 01
005 20251027203331.0
008 0714s1973 ag 01
040 _aAR-BaBN
_bspa
_cAR-BaBN
_eaacr
_dRIC
245 _aTatuado /
_cdirigido por Eduardo Raspo
260 _aBuenos Aires :
_bBarakacine Producciones,
_c2005
300 _a1 DVD ;
_cson., col. (1 hr., 22 min.)
490 _aArchivo fílmico pedagógico jóvenes y escuelas ;
_v30
650 _aPELICULAS
650 _aIDENTIDAD
_933655
650 _aCULTURA JUVENIL
_937001
650 _aVINCULOS GENERACIONALES
_937002
650 _aMARCAS CORPORALES
_937003
650 _aMEMORIA BIOGRAFICA
_937004
700 _aRaspo, Eduardo
_edirector
_937005
810 _aArgentina. Ministerio de Educación
_936047
942 _cBK
999 _c28843
_d28843